000 00640nam a2200265Ia 4500
005 20260121165414.0
008 008 260114s9999 xx 000 0 eng d
020 _a9783319599335
037 _aEBOOK
040 _aCRL
040 _beng
040 _cCRL
041 _2eng
041 _aeng
084 _qCRL
100 _aAndrew H. Clarke
_91051299
245 0 _aVestibulo-Oculomotor Research in Space
260 _bSpringer
260 _bSpringer
260 _c2017
856 _uhttps://link.springer.com/openurl?genre=book&isbn=978-3-319-59933-5
942 _cEBOOK
999 _c1617024
_d1617024